000 00312nam a22001337a 4500
040 _cNUST
082 _a515
_bRUD
100 _aRudin, Walter
_974778
245 _aReal and Complex Analysis /
_cWalter Rudin
260 _aNew York :
_bMcGraw Hill;
_c1970.
300 _a424p.
521 _bHB
942 _2ddc
_cBK
999 _c607129
_d607129